| 000 | 00388nam a2200169Ia 4500 | ||
|---|---|---|---|
| 008 | 230524s9999 xx 000 0 und d | ||
| 082 |
_a535 _bJEN |
||
| 100 | _aA.F.Jenkins | ||
| 245 | 0 | _aFundamentals of Optics | |
| 250 | _a4TH | ||
| 260 |
_aNEW DELHI _bM.G.H _c1981 |
||
| 300 | _aXX;746 | ||
| 500 | _aQuantity Number: 2 | ||
| 650 | _aPhysics | ||
| 700 | _a E.H.White | ||
| 942 | _cBK | ||
| 999 |
_c13872 _d13872 |
||